000 00537cam a2200193 4500
001 D6219
008 090401t1977 xxu||||| |||| 00| 0 eng d
035 _a(Sirsi) u91496
041 _aeng
050 _a692.8
110 _aJoint Contracts Tribunal
_93664
245 _aStandard form of building contract for use without quantities; local authority edition 1963, July 1977 revision
260 _aLondon
_bRIBA
_c1977
300 _a35p. 30cm
350 _a1.8
520 _aFiled at JCT 1977/4A
942 _n0
948 _c04/03/1997
999 _c97645
_d97645